AFC Bournemouth 25/26 Squad Numbers - Statistics

General Stats
  • This quiz has been taken 5 times
  • The average score is 14 of 26
Answer Stats
Player Squad Number % Correct
Tyler Adams 12
100%
Marcus Tavernier 16
100%
Đorđe Petrović 1
75%
Ryan Christie 10
75%
Adam Smith 15
75%
Justin Kluivert 19
75%
Amine Adli 21
75%
Eli Junior Kroupi 22
75%
Adrien Truffert 3
75%
Marcos Senesi 5
75%
David Brooks 7
75%
Alex Scott 8
75%
Bafodé Diakité 18
50%
Álex Jiménez 20
50%
James Hill 23
50%
Enes Ǔnal 26
50%
Lewis Cook 4
50%
Matai Akinmboni 45
50%
Ben Gannon-Doak 11
25%
Fraser Forster 17
25%
Alex Tóth 27
25%
Owen Bevan 35
25%
Will Dennis 40
25%
Veljko Milošavljević 44
25%
Julio Soler 6
25%
Remy Reese-Dottin 50
0%
No matching quizzes found
Score Distribution
Percent of People with Each Score
Percentile by Number Answered
Your Score History
You have not taken this quiz